Statistics for English Counties Beginning with the Letters of JETPUNK

Click here to take the quiz!

General Stats

  • This quiz has been taken 75 times
  • The average score is 8 of 10

Answer Stats

Country % Correct
Essex
89%
Kent
89%
Nottinghamshire
87%
East Riding of Yorkshire
82%
Norfolk
82%
Northamptonshire
82%
Northumberland
82%
North Yorkshire
74%
Tyne and Wear
72%
East Sussex
62%

Score Distribution

Percentile by Number Answered

Percent of People with Each Score

Your Score History

You have not taken this quiz